• 首页
  • 本馆介绍
  • 公告通知
  • 最新文献
  • 馆藏检索
  • 电子资源
  • 读者导购
  • 参考咨询
  • 我的图书馆
  • 登录
  • 详细信息显示
  • 放入我的书架
  • 预约/预借图书
  • 作者相关作品
  • 分类相关作品
  • 丛书相关作品
  • 出版社相关作品

书目信息

  • 表格格式
  • 工作单格式
  • 卡片格式
题名:
实用手术室专业英语会话
    
 
作者: 陈红 , 曾铁英 主编
分册:  
出版信息: 武汉   华中科技大学出版社  2020
页数: 167页
开本: 18cm
丛书名:
单 册:
中图分类: R197.38 , R197.3
科图分类:
主题词: 手术室--英语--口语
电子资源:
ISBN: 978-7-5680-5990-9
000 00916nam0 2200253 450
001 2170978226
005 20210104194311.49
010    @a978-7-5680-5990-9@dCNY36.00
100    @a20200909d2020 em y0chiy50 ea
101 0  @achi@aeng
102    @aCN@b420000
105    @ay z 000yy
200 1  @a实用手术室专业英语会话@9shi yong shou shu shi zhuan ye ying yu hui hua@b专著@f陈红,曾铁英主编
210    @a武汉@c华中科技大学出版社@d2020
215    @a167页@d18cm
300    @a医学口袋书系列
330    @a本书分两部分,第一部分为专业词汇与短语,第二部分为手术室实用会话。本书针对不同场景提供较全的沟通用语,以便读者举一反三,将各部分所学对话与专业术语进行融合推广应用到其他类似情境之中。
606 0  @a手术室@x英语@x口语
690    @aR197.38@v5
690    @aR197.3@v4
701  0 @a陈红@9chen hong@4主编
701  0 @a曾铁英@9zeng tie ying@4主编
801  2 @aCN@b58marc.cn@c20200911
905    @aZUCC@dR197.3@e5
    
    实用手术室专业英语会话/陈红,曾铁英主编.-武汉:华中科技大学出版社,2020
    167页;18cm
    医学口袋书系列
    
    ISBN 978-7-5680-5990-9:CNY36.00
    本书分两部分,第一部分为专业词汇与短语,第二部分为手术室实用会话。本书针对不同场景提供较全的沟通用语,以便读者举一反三,将各部分所学对话与专业术语进行融合推广应用到其他类似情境之中。
●
相关链接 在五车中查询图书 在当当中查询图书 在豆瓣中查询图书


正题名:实用手术室专业英语会话     索取号:R197.3/5         预约/预借

序号 登录号 条形码 馆藏地/架位号 状态 备注
1 2000876990   2000876990   第二书库/ [索取号:R197.3/5] 在馆    
2 2000876991   2000876991   第二书库/ [索取号:R197.3/5] 在馆    
3 2000876992   2000876992   第二书库/ [索取号:R197.3/5] 在馆    
山东省滨州职业学院图书馆 欢迎您!
大连网信软件有限公司© 版权所有